[Event "TOP 16"]
[Site "Vandoeuvre"]
[Date "2007.02.11"]
[Round "3.5"]
[White "Nezar, Mustapha"]
[Black "Wagner, Claude"]
[Result "1/2-1/2"]
[WhiteElo "2423"]
[BlackElo "2358"]
[PlyCount "36"]
[EventDate "2007.??.??"]
[WhiteTeam "Vandoeuvre"]
[BlackTeam "Bischwiller"]

1. e4 c5 2. Nf3 Nc6 3. Bb5 Nf6 4. Nc3 Qc7 5. O-O Nd4 6. Nxd4 cxd4 7. Nd5 Nxd5
8. exd5 Qc5 9. c4 a6 10. Ba4 b5 11. cxb5 Qxd5 12. bxa6 Bxa6 13. d3 Qf5 14. Bc2
e6 15. Qd2 Be7 16. b4 O-O 17. Bb2 Rfc8 18. Bxd4 Bxb4 1/2-1/2

[Event "TOP 16"]
[Site "Vandoeuvre"]
[Date "2007.02.11"]
[Round "3.6"]
[White "Heinz, Timothee"]
[Black "Philippe, Christophe"]
[Result "0-1"]
[WhiteElo "2300"]
[BlackElo "2364"]
[PlyCount "112"]
[EventDate "2007.??.??"]
[WhiteTeam "Bischwiller"]
[BlackTeam "Vandoeuvre"]

1. e4 c5 2. Nf3 e6 3. d4 cxd4 4. Nxd4 Nc6 5. Nc3 a6 6. Be2 d6 7. O-O Nf6 8. Kh1
Be7 9. f4 O-O 10. a4 Bd7 11. Nb3 Na5 12. e5 Ne8 13. Bd3 g6 14. Be3 Nxb3 15.
cxb3 Bc6 16. Qe2 Qa5 17. exd6 Nxd6 18. Qf2 Nf5 19. Bb6 Qb4 20. Bxf5 exf5 21. a5
Rfe8 22. Rad1 Qxb3 23. Rd2 Bf6 24. Rfd1 Re6 25. Re1 Rxe1+ 26. Qxe1 Re8 27. Re2
Re6 28. Qd2 Qc4 29. Rxe6 Qf1+ 30. Bg1 fxe6 31. Qf2 Qxf2 32. Bxf2 Kf7 33. Bb6 e5
34. fxe5 Bxe5 35. Kg1 Ke6 36. g3 h5 37. Kf2 h4 38. Bd8 hxg3+ 39. hxg3 Bd4+ 40.
Ke2 Kd6 41. Bg5 Be5 42. Bf4 g5 43. Bxg5 Bxg3 44. Kd3 Ke6 45. Bd8 Bd6 46. Bb6
Be8 47. Ke3 f4+ 48. Ke4 Bc6+ 49. Kd4 Kf5 50. Nd1 Be5+ 51. Kd3 Kg4 52. b3 Kf3
53. b4 Bb5+ 54. Kd2 Kg2 55. Ke1 Ba4 56. Nf2 Bc3+ 0-1

[Event "TOP 16"]
[Site "Vandoeuvre"]
[Date "2007.02.11"]
[Round "3.7"]
[White "Paci, Cedric"]
[Black "Mensch, Etienne"]
[Result "0-1"]
[WhiteElo "2300"]
[BlackElo "2312"]
[PlyCount "64"]
[EventDate "2007.??.??"]
[WhiteTeam "Vandoeuvre"]
[BlackTeam "Bischwiller"]

1. e4 c5 2. Nc3 Nc6 3. g3 g6 4. Bg2 Bg7 5. d3 d6 6. Be3 Rb8 7. Qd2 b5 8. Nge2
b4 9. Nd1 Nd4 10. O-O h5 11. h3 Bd7 12. c3 Nxe2+ 13. Qxe2 Qc8 14. Kh2 Nh6 15.
f4 f5 16. e5 dxe5 17. fxe5 h4 18. Bf4 hxg3+ 19. Kxg3 e6 20. Ne3 Qd8 21. Nc4 Nf7
22. Nd6+ Nxd6 23. exd6 bxc3 24. bxc3 Bxc3 25. Rac1 Bd4 26. Rc2 Qf6 27. Kh2 g5
28. Bg3 g4 29. Rxc5 Bxc5 30. Be5 Rxh3+ 31. Bxh3 Qh4 32. Qg2 Rb6 0-1

[Event "TOP 16"]
[Site "Vandoeuvre"]
[Date "2007.02.11"]
[Round "3.8"]
[White "Lallemand, Roza"]
[Black "Klipper, Rebecca"]
[Result "1-0"]
[WhiteElo "2202"]
[BlackElo "2039"]
[PlyCount "47"]
[EventDate "2007.??.??"]
[WhiteTeam "Bischwiller"]
[BlackTeam "Vandoeuvre"]

1. e4 c5 2. Nc3 Nc6 3. Bb5 Nd4 4. Bc4 g6 5. Nf3 Bg7 6. Nxd4 cxd4 7. Qf3 e6 8.
Nb5 Be5 9. Qa3 Qb6 10. O-O Qc6 11. d3 b6 12. f4 a6 13. fxe5 axb5 14. Bxb5 Rxa3
15. Bxc6 Ra5 16. b4 Rxe5 17. Ba4 f6 18. Bb2 b5 19. Bb3 Ke7 20. Bxd4 Rh5 21. a4
e5 22. Bb2 bxa4 23. Rxa4 Nh6 24. Ra8 1-0

[Event "TOP 16"]
[Site "Vandoeuvre"]
[Date "2007.02.11"]
[Round "3.1"]
[White "Calistri, Tristan"]
[Black "Gurevich, Mikhail"]
[Result "0-1"]
[WhiteElo "2381"]
[BlackElo "2635"]
[PlyCount "58"]
[EventDate "2007.??.??"]
[WhiteTeam "Creteil"]
[BlackTeam "Gonfreville"]

1. e4 e6 2. d4 d5 3. Nc3 Nf6 4. e5 Nfd7 5. f4 c5 6. Nf3 Nc6 7. Be3 Be7 8. dxc5
Bxc5 9. Qd2 O-O 10. O-O-O Qa5 11. Bxc5 Nxc5 12. Kb1 Bd7 13. Bd3 Nxd3 14. Qxd3
Nb4 15. Qe3 Rfc8 16. a3 Nc6 17. Qd3 Ne7 18. Ng5 Ng6 19. h4 h6 20. h5 Rxc3 21.
bxc3 Bb5 22. Qf3 Ne7 23. c4 Bxc4 24. Nh3 Rc8 25. Nf2 Qb5+ 26. Kc1 Bb3 27. Rd2
Ba2 28. Kd1 Qb1+ 29. Ke2 Bc4+ 0-1

[Event "TOP 16"]
[Site "Vandoeuvre"]
[Date "2007.02.11"]
[Round "3.2"]
[White "Bologan, Viktor"]
[Black "Bouchet, Nicolas"]
[Result "1-0"]
[WhiteElo "2658"]
[BlackElo "2320"]
[PlyCount "101"]
[EventDate "2007.??.??"]
[WhiteTeam "Gonfreville"]
[BlackTeam "Creteil"]

1. e4 c5 2. Nf3 g6 3. d4 cxd4 4. Nxd4 Bg7 5. Nc3 Nc6 6. Be3 Nf6 7. Bc4 O-O 8.
Bb3 a5 9. O-O a4 10. Nxa4 Nxe4 11. Nb5 d5 12. Bb6 Qd7 13. f3 Nb4 14. Qe2 Nd6
15. Nxd6 exd6 16. c3 Rxa4 17. Bxa4 Qxa4 18. cxb4 Qxb4 19. Bf2 Qxb2 20. Qxb2
Bxb2 21. Rab1 Ba3 22. Rfd1 Bc5 23. Bxc5 dxc5 24. Rxd5 Be6 25. Rxc5 Bxa2 26.
Rxb7 Rd8 27. Rb2 Rd1+ 28. Kf2 Be6 29. g4 Kg7 30. h3 h5 31. Rb8 hxg4 32. hxg4
Kf6 33. Re8 g5 34. Rg8 Rd5 35. Rxd5 Bxd5 36. Kg3 Bb7 37. f4 gxf4+ 38. Kxf4 Bc6
39. g5+ Ke6 40. Rh8 Ba4 41. Rh6+ Ke7 42. Ke5 Bb3 43. Rb6 Ba2 44. Rb7+ Kf8 45.
Kf6 Kg8 46. Rb8+ Kh7 47. Rf8 Bb3 48. Rxf7+ Bxf7 49. Kxf7 Kh8 50. Kg6 Kg8 51.
Kh6 1-0

[Event "TOP 16"]
[Site "Vandoeuvre"]
[Date "2007.02.11"]
[Round "3.3"]
[White "Dourerassou, Jonathan"]
[Black "Rausis, Igors"]
[Result "0-1"]
[WhiteElo "2358"]
[BlackElo "2521"]
[PlyCount "60"]
[EventDate "2007.??.??"]
[WhiteTeam "Creteil"]
[BlackTeam "Gonfreville"]

1. e4 c5 2. Nf3 g6 3. d4 cxd4 4. Nxd4 Bg7 5. Nc3 Nc6 6. Be3 Nf6 7. Bc4 O-O 8.
Bb3 d6 9. f3 Bd7 10. Qd2 Nxd4 11. Bxd4 b5 12. h4 a5 13. h5 a4 14. Bd5 e5 15. h6
Bh8 16. Bxa8 exd4 17. Nd5 Re8 18. Bb7 a3 19. bxa3 Be6 20. O-O Nh5 21. Bc6 Bxd5
22. exd5 Re3 23. Rae1 Ng3 24. Bxb5 Qh4 25. Qa5 Bf6 26. Qa8+ Bd8 27. Qc6 Qxh6
28. Qxd6 Qh1+ 29. Kf2 Ne4+ 30. fxe4 Bh4+ 0-1

[Event "TOP 16"]
[Site "Vandoeuvre"]
[Date "2007.02.11"]
[Round "3.4"]
[White "Collas, Didier"]
[Black "Romieux, Sebastien"]
[Result "1-0"]
[WhiteElo "2466"]
[BlackElo "2252"]
[PlyCount "67"]
[EventDate "2007.??.??"]
[WhiteTeam "Gonfreville"]
[BlackTeam "Creteil"]

1. e4 c5 2. Nf3 Nc6 3. Bb5 Na5 4. d4 a6 5. Bd3 e6 6. c3 cxd4 7. cxd4 b5 8. O-O
Bb7 9. Re1 Nf6 10. Nbd2 Be7 11. Nf1 O-O 12. Ng3 Rc8 13. Qe2 Nc6 14. Bg5 Nh5 15.
Bxe7 Nxg3 16. hxg3 Qxe7 17. a4 bxa4 18. Rxa4 Nb4 19. Bb1 Bc6 20. Ra3 Rb8 21.
Qd2 d5 22. e5 Bb5 23. Ng5 g6 24. g4 Kg7 25. Rf3 Nc6 26. Nxh7 Rh8 27. Ng5 Nd8
28. Rc1 Bc4 29. Rcc3 Rxb2 30. Qxb2 Qxg5 31. Rh3 Re8 32. Rh1 Qxg4 33. Qd2 Kf8
34. f3 1-0

[Event "TOP 16"]
[Site "Vandoeuvre"]
[Date "2007.02.11"]
[Round "3.5"]
[White "Strugnell, Carl"]
[Black "Degraeve, Jean-Marc"]
[Result "0-1"]
[WhiteElo "2274"]
[BlackElo "2548"]
[PlyCount "80"]
[EventDate "2007.??.??"]
[WhiteTeam "Creteil"]
[BlackTeam "Gonfreville"]

1. e4 c5 2. Nf3 Nc6 3. d4 cxd4 4. Nxd4 Nf6 5. Nc3 Qb6 6. Nb3 e6 7. Qe2 Qc7 8.
g4 h6 9. Bg2 a6 10. h4 d6 11. f4 b5 12. a3 g6 13. Be3 Bb7 14. O-O-O Nd7 15. Qf2
Bg7 16. Ne2 b4 17. a4 Rc8 18. Ng3 Ne7 19. Rd2 Bc6 20. a5 Ba4 21. Bb6 Nxb6 22.
axb6 Qb8 23. Kb1 Bxb3 24. cxb3 Rc6 25. Rhd1 Rxb6 26. h5 g5 27. e5 d5 28. Ne4
gxf4 29. Nd6+ Rxd6 30. exd6 Qxd6 31. Rf1 Be5 32. Qh4 f6 33. Rc1 Kf7 34. Be4 Ra8
35. Bd3 Qb6 36. Qe1 a5 37. Qd1 Kg7 38. Ka1 a4 39. Kb1 a3 40. bxa3 Rxa3 0-1

[Event "TOP 16"]
[Site "Vandoeuvre"]
[Date "2007.02.11"]
[Round "3.6"]
[White "Payen, Arnaud"]
[Black "Brih, Said"]
[Result "1/2-1/2"]
[WhiteElo "2381"]
[BlackElo "2225"]
[PlyCount "90"]
[EventDate "2007.??.??"]
[WhiteTeam "Gonfreville"]
[BlackTeam "Creteil"]

1. d4 Nf6 2. Nf3 g6 3. Bf4 Bg7 4. e3 c5 5. c3 Qa5 6. Be2 cxd4 7. exd4 O-O 8.
O-O d6 9. Nbd2 Nbd7 10. h3 Qc7 11. Re1 Re8 12. Bc4 Nb6 13. Bb3 Nfd5 14. Bh2 Bh6
15. Ne4 Bf5 16. Neg5 Nc4 17. a4 a6 18. Qe2 b5 19. Ra2 Qc6 20. Ne4 Bf4 21. Nfd2
Bxh2+ 22. Kxh2 Nxd2 23. Nxd2 Nf4 24. Qf3 Qxf3 25. Nxf3 Nd3 26. Rd1 Nxf2 27. Rd2
Ne4 28. Re2 Nf6 29. axb5 Bd3 30. Re1 Bxb5 31. c4 Bd7 32. Ba4 Bxa4 33. Rxa4 a5
34. Rea1 Rab8 35. R1a2 Rec8 36. Nd2 d5 37. b3 Ne4 38. Nxe4 dxe4 39. R2a3 Rd8
40. d5 e6 41. dxe6 fxe6 42. Rxa5 Kf7 43. Re5 Rd4 44. Ra6 Rxb3 45. Raxe6 Rxc4
1/2-1/2

[Event "TOP 16"]
[Site "Vandoeuvre"]
[Date "2007.02.11"]
[Round "3.7"]
[White "Guilleux, Fabien"]
[Black "Vallin, Guillaume"]
[Result "0-1"]
[WhiteElo "2163"]
[BlackElo "2413"]
[PlyCount "60"]
[EventDate "2007.??.??"]
[WhiteTeam "Creteil"]
[BlackTeam "Gonfreville"]

1. e4 e6 2. d4 d5 3. Nc3 Nf6 4. e5 Nfd7 5. f4 c5 6. Nf3 Nc6 7. Be3 cxd4 8. Nxd4
Bc5 9. Qd2 O-O 10. g3 a6 11. Bh3 Nxd4 12. Bxd4 b5 13. O-O Qb6 14. Ne2 a5 15.
Rad1 b4 16. Bxc5 Nxc5 17. Nd4 Ba6 18. Rf3 Na4 19. b3 Nc3 20. Re1 Ne2+ 21. Rxe2
Bxe2 22. Rf2 Ba6 23. f5 exf5 24. Nxf5 h6 25. Ne7+ Kh8 26. Nxd5 Qc5 27. Bg2 Rad8
28. Kh1 Bb7 29. Qe3 Rxd5 30. Qxc5 Rd1+ 0-1

[Event "TOP 16"]
[Site "Vandoeuvre"]
[Date "2007.02.11"]
[Round "3.8"]
[White "Collas, Sylvia"]
[Black "Lam, Sophie"]
[Result "1-0"]
[WhiteElo "2389"]
[BlackElo "2074"]
[PlyCount "53"]
[EventDate "2007.??.??"]
[WhiteTeam "Gonfreville"]
[BlackTeam "Creteil"]

1. e4 c5 2. Nf3 g6 3. c4 Bg7 4. d4 cxd4 5. Nxd4 Nf6 6. Nc3 O-O 7. Be2 Nc6 8.
Nc2 d6 9. O-O Bd7 10. Ne3 Rc8 11. Kh1 Be6 12. f3 Na5 13. Ncd5 Nc6 14. b3 Bxd5
15. exd5 Ne5 16. Bb2 Ned7 17. f4 Qc7 18. f5 Ne4 19. Bxg7 Kxg7 20. Qd4+ Nef6 21.
Rf3 Ne5 22. Rh3 Qc5 23. Qh4 a5 24. Rf1 Kh8 25. fxg6 Nxg6 26. Qh6 Rg8 27. Rxf6
1-0

[Event "TOP 16"]
[Site "Gonfreville l'Orcher"]
[Date "2007.04.28"]
[Round "4"]
[White "Jedynak, Radoslaw"]
[Black "Degraeve, Jean Marc"]
[Result "1/2-1/2"]
[WhiteElo "2538"]
[BlackElo "2549"]
[PlyCount "91"]
[EventDate "2007.04.30"]
[SourceDate "2007.04.30"]
[WhiteTeam "Marseille"]
[BlackTeam "Gonfreville"]
[WhiteTeamCountry "FRA"]
[BlackTeamCountry "FRA"]

1. d4 d6 2. c4 e5 3. Nc3 exd4 4. Qxd4 Nc6 5. Qd2 Nf6 6. b3 a5 7. Bb2 a4 8. Nd5
Be7 9. Nf3 O-O 10. e3 a3 11. Bc3 Ne4 12. Qc2 Nxc3 13. Qxc3 Bf6 14. Nxf6+ Qxf6
15. Qxf6 gxf6 16. Kd2 Nb4 17. Ne1 Bf5 18. Bd3 Ra5 19. Bxf5 Rxf5 20. Kc3 c5 21.
f4 Re8 22. g4 Rxe3+ 23. Kd2 Rxe1 24. Raxe1 Rxf4 25. Ke3 Rxg4 26. Reg1 Rg6 27.
Ke4 Kf8 28. h4 Nxa2 29. Rxg6 hxg6 30. Ra1 Nb4 31. Rxa3 f5+ 32. Kf4 Nc6 33. Ra8+
Kg7 34. Ke3 Nd4 35. Rd8 f4+ 36. Kf2 Nxb3 37. Rxd6 Na5 38. Rd5 b6 39. Kf3 Nxc4
40. Kxf4 Kf6 41. Rd7 Ke6 42. Rb7 f6 43. Rb8 Kd5 44. Rf8 g5+ 45. Kf3 gxh4 46.
Rxf6 1/2-1/2

[Event "TOP 16"]
[Site "Gonfreville l'Orcher"]
[Date "2007.04.28"]
[Round "4"]
[White "Bologan, Viktor"]
[Black "Heberla, Bartlomiej"]
[Result "1/2-1/2"]
[WhiteElo "2636"]
[BlackElo "2533"]
[PlyCount "79"]
[EventDate "2007.04.30"]
[SourceDate "2007.04.30"]
[WhiteTeam "Gonfreville"]
[BlackTeam "Marseille"]
[WhiteTeamCountry "FRA"]
[BlackTeamCountry "FRA"]

1. e4 c5 2. Nf3 Nc6 3. d4 cxd4 4. Nxd4 Nf6 5. Nc3 d6 6. Bg5 e6 7. Qd2 Be7 8.
O-O-O O-O 9. f3 d5 10. exd5 Nxd5 11. Bxe7 Ndxe7 12. Nxc6 Nxc6 13. Bb5 Qb6 14.
Qf4 e5 15. Qe4 Be6 16. Bxc6 bxc6 17. Qxe5 Rab8 18. b3 Qb4 19. Kb2 c5 20. Ne4 c4
21. a3 Qb7 22. b4 Rfc8 23. Rd6 c3+ 24. Nxc3 Qc7 25. Rhd1 Qc4 26. Qd4 Qc7 27.
Rd2 h6 28. Nd5 Bxd5 29. Qxd5 a5 30. Qe5 axb4 31. Rd8+ Qxd8 32. Rxd8+ Rxd8 33.
a4 Ra8 34. Kb3 Re8 35. Qd4 Red8 36. Qf2 Rdc8 37. Qd4 Rc3+ 38. Kb2 Ra3 39. Qxb4
R3xa4 40. Qb7 1/2-1/2

[Event "TOP 16"]
[Site "Gonfreville l'Orcher"]
[Date "2007.04.28"]
[Round "4"]
[White "Eliet, Nicolas"]
[Black "Amigues, Emmanuel"]
[Result "1/2-1/2"]
[WhiteElo "2464"]
[BlackElo "2388"]
[PlyCount "57"]
[EventDate "2007.04.30"]
[SourceDate "2007.04.30"]
[WhiteTeam "Gonfreville"]
[BlackTeam "Marseille"]
[WhiteTeamCountry "FRA"]
[BlackTeamCountry "FRA"]

1. d4 e6 2. Nf3 Nf6 3. e3 c5 4. c4 d5 5. dxc5 Bxc5 6. a3 O-O 7. b4 Be7 8. Bb2
a5 9. b5 Nbd7 10. Nbd2 Nc5 11. Be2 dxc4 12. Nxc4 Qxd1+ 13. Rxd1 Na4 14. Ba1 Ne4
15. Bd3 Nec5 16. Bc2 Rd8 17. Rxd8+ Bxd8 18. Nd6 Be7 19. Nxc8 Rxc8 20. Ke2 Nb6
21. Bd4 Nca4 22. Be4 Bxa3 23. Rd1 f6 24. Bxb7 Rc2+ 25. Rd2 Rc1 26. Be4 Bb4 27.
Rc2 Rxc2+ 28. Bxc2 e5 29. Bxb6 1/2-1/2

[Event "TOP 16"]
[Site "Gonfreville l'Orcher"]
[Date "2007.04.28"]
[Round "4"]
[White "Goldsztejn, Gildas"]
[Black "Vallin, Guillaume"]
[Result "0-1"]
[WhiteElo "2328"]
[BlackElo "2418"]
[PlyCount "104"]
[EventDate "2007.04.30"]
[SourceDate "2007.04.30"]
[WhiteTeam "Marseille"]
[BlackTeam "Gonfreville"]
[WhiteTeamCountry "FRA"]
[BlackTeamCountry "FRA"]

1. d4 e6 2. c4 Nf6 3. Nf3 d5 4. Nc3 Bb4 5. cxd5 exd5 6. Bg5 h6 7. Bh4 g5 8. Bg3
Ne4 9. Nd2 Nxc3 10. bxc3 Bxc3 11. Rc1 Bb2 12. Bxc7 Qe7 13. Bd6 Qe6 14. Rb1 Bc3
15. Ba3 Nc6 16. e3 Bxd4 17. Bb5 Bf6 18. O-O Be7 19. Bxe7 Qxe7 20. Rc1 Bd7 21.
Nb3 a6 22. Bxc6 bxc6 23. Qd4 O-O 24. Nc5 Bf5 25. f4 g4 26. Qe5 Qxe5 27. fxe5
Bg6 28. Rf6 Rfe8 29. e6 Kg7 30. Rcf1 Ra7 31. R1f4 h5 32. Kf2 a5 33. exf7 Bxf7
34. Rxc6 Rae7 35. Ra6 Rxe3 36. Rxa5 Re2+ 37. Kg3 R8e3+ 38. Kh4 Rxg2 39. Ra7
Rxh2+ 40. Kg5 Re5+ 41. Rf5 Rxf5+ 42. Kxf5 Rf2+ 43. Kg5 g3 44. Ne6+ Kh7 45. Nf4
Rxf4 46. Kxf4 g2 47. Rxf7+ Kg8 48. Rf5 g1=Q 49. Rxh5 Qf2+ 50. Kg5 d4 51. Rh3
Qg2+ 52. Kh4 Qxh3+ 0-1

[Event "TOP 16"]
[Site "Gonfreville l'Orcher"]
[Date "2007.04.28"]
[Round "4"]
[White "Collas, Didier"]
[Black "Gozzoli, Yannick"]
[Result "1/2-1/2"]
[WhiteElo "2472"]
[BlackElo "2453"]
[PlyCount "41"]
[EventDate "2007.04.30"]
[SourceDate "2007.04.30"]
[WhiteTeam "Gonfreville"]
[BlackTeam "Marseille"]
[WhiteTeamCountry "FRA"]
[BlackTeamCountry "FRA"]

1. e4 e5 2. Nf3 Nc6 3. Bb5 f5 4. Nc3 fxe4 5. Nxe4 Nf6 6. Nxf6+ Qxf6 7. Qe2 Be7
8. Bxc6 dxc6 9. Nxe5 O-O 10. d4 Bf5 11. O-O Bd6 12. f4 Bxe5 13. dxe5 Qg6 14.
Rf2 Rad8 15. b3 Rd5 16. Bb2 Rfd8 17. Re1 Bg4 18. Qc4 Be6 19. Qe2 Bg4 20. Qc4
Be6 21. Qe2 1/2-1/2

[Event "TOP 16"]
[Site "Gonfreville l'Orcher"]
[Date "2007.04.28"]
[Round "4"]
[White "Collas, Silvia"]
[Black "Delorme, Laurie"]
[Result "1-0"]
[WhiteElo "2401"]
[BlackElo "2026"]
[PlyCount "47"]
[EventDate "2007.04.30"]
[SourceDate "2007.04.30"]
[WhiteTeam "Gonfreville"]
[BlackTeam "Marseille"]
[WhiteTeamCountry "FRA"]
[BlackTeamCountry "FRA"]

1. c4 Nf6 2. Nf3 c6 3. b3 d5 4. Bb2 e6 5. g3 Bd6 6. Bg2 O-O 7. O-O Qe7 8. Ne5
Nfd7 9. d4 f6 10. Nd3 dxc4 11. bxc4 c5 12. e3 Na6 13. Nc3 Nb6 14. Qb3 e5 15.
Ne4 exd4 16. exd4 Rd8 17. Rfe1 Qc7 18. a4 Bf5 19. a5 Nc8 20. Ba3 Qxa5 21. Qxb7
Bxe4 22. Bxe4 Nc7 23. dxc5 Be5 24. Nxe5 1-0

[Event "TOP 16"]
[Site "Gonfreville l'Orcher"]
[Date "2007.04.28"]
[Round "4"]
[White "Vachier Lagrave, Maxime"]
[Black "Glek, Igor"]
[Result "1/2-1/2"]
[WhiteElo "2593"]
[BlackElo "2531"]
[PlyCount "129"]
[EventDate "2007.04.30"]
[SourceDate "2007.04.30"]
[WhiteTeam "Paris Chess Club"]
[BlackTeam "Vandoeuvre"]
[WhiteTeamCountry "FRA"]
[BlackTeamCountry "FRA"]

1. e4 e6 2. d4 d5 3. Nd2 c5 4. exd5 Qxd5 5. Ngf3 cxd4 6. Bc4 Qd6 7. O-O Nf6 8.
Nb3 Nc6 9. Nbxd4 Nxd4 10. Nxd4 a6 11. Bb3 Qc7 12. Qf3 Bd6 13. h3 Bd7 14. Bg5
Bc6 15. Nxc6 Qxc6 16. Qxc6+ bxc6 17. Rad1 Ke7 18. Rd3 h6 19. Bd2 a5 20. Ba4
Rhc8 21. Rd1 Ne4 22. Be1 Bb4 23. c3 Bc5 24. Kf1 Ra7 25. Bc2 f5 26. f3 Nf6 27.
c4 Nh5 28. Bc3 Nf4 29. R3d2 Be3 30. Bd4 Bxd4 31. Rxd4 g5 32. g3 Nh5 33. Kf2 Nf6
34. g4 fxg4 35. hxg4 Rf8 36. Ke3 Nd7 37. Be4 c5 38. Rd6 Ne5 39. b3 Rb8 40. f4
Nxg4+ 41. Kf3 Rf8 42. f5 Ne5+ 43. Kg2 exf5 44. R6d5 Ng4 45. Re1 f4 46. Rxc5
Ne3+ 47. Kf2 Rd8 48. Rh1 Rd2+ 49. Kf3 Ra6 50. Rc7+ Kd8 51. Rh7 Rf6 52. Bb7 g4+
53. Ke4 g3 54. R1xh6 Rxh6 55. Rxh6 g2 56. Rg6 Rf2 57. Kd3 Rxa2 58. Bf3 Rb2 59.
Ke4 Rxb3 60. Kxf4 Nxc4 61. Rxg2 Rb4 62. Bd5 Nb6+ 63. Ke5 Rb5 64. Kd6 Rxd5+ 65.
Kc6 1/2-1/2

[Event "TOP 16"]
[Site "Gonfreville l'Orcher"]
[Date "2007.04.28"]
[Round "4"]
[White "Hauchard, Arnaud"]
[Black "Meier, Georg"]
[Result "1/2-1/2"]
[WhiteElo "2474"]
[BlackElo "2506"]
[PlyCount "78"]
[EventDate "2007.04.30"]
[SourceDate "2007.04.30"]
[WhiteTeam "Paris Chess Club"]
[BlackTeam "Vandoeuvre"]
[WhiteTeamCountry "FRA"]
[BlackTeamCountry "FRA"]

1. c4 Nf6 2. Nc3 e6 3. e4 c5 4. e5 Ng8 5. d4 cxd4 6. Qxd4 Nc6 7. Qe4 d6 8. Nf3
dxe5 9. Nxe5 Nf6 10. Nxc6 Nxe4 11. Nxd8 Nxc3 12. Nxf7 Kxf7 13. bxc3 Bd7 14. Bd3
Rc8 15. Be3 Bc5 16. Ke2 Ba4 17. h4 Bxe3 18. Kxe3 Rc5 19. h5 h6 20. Rh4 Rhc8 21.
Rah1 Re5+ 22. Kd2 Rg5 23. g3 Bc6 24. Rb1 Ra5 25. Rb2 Rd8 26. Rd4 Ke7 27. Rxd8
Kxd8 28. g4 Ra3 29. f4 Ke7 30. f5 Kd6 31. fxe6 Kxe6 32. Bf5+ Kf6 33. Kd3 Ra5
34. Kd4 Kg5 35. Re2 Kf6 36. Re6+ Kf7 37. Re2 Kf6 38. Re6+ Kf7 39. Re2 Kf6
1/2-1/2

[Event "TOP 16"]
[Site "Gonfreville l'Orcher"]
[Date "2007.04.28"]
[Round "4"]
[White "Pile, Richard"]
[Black "Brunner, Nicolas"]
[Result "0-1"]
[WhiteElo "2285"]
[BlackElo "2439"]
[PlyCount "72"]
[EventDate "2007.04.30"]
[SourceDate "2007.04.30"]
[WhiteTeam "Paris Chess Club"]
[BlackTeam "Vandoeuvre"]
[WhiteTeamCountry "FRA"]
[BlackTeamCountry "FRA"]

1. d4 d5 2. c4 c6 3. Nf3 Nf6 4. Nc3 e6 5. g3 dxc4 6. Bg2 b5 7. O-O Nbd7 8. Bg5
Bb7 9. a4 b4 10. Ne4 Be7 11. Ned2 c5 12. Nxc4 O-O 13. a5 Rc8 14. a6 Bd5 15. Ne3
Be4 16. dxc5 Nxc5 17. Ne5 Bxg2 18. Kxg2 Qc7 19. N3c4 Rfd8 20. Qc2 b3 21. Qc1
Nxa6 22. Qf4 Nb4 23. Rfd1 h6 24. h4 Qb7+ 25. Kh2 Rxd1 26. Rxd1 Qb5 27. Bxf6
Bxf6 28. Nd6 Qxe2 29. Rd2 Qxe5 30. Qxe5 Bxe5 31. Nxc8 Nc2 32. Rd3 Na1 33. Nxa7
Bxb2 34. Nb5 Bf6 35. Na3 b2 36. Kg2 Nc2 0-1

[Event "TOP 16"]
[Site "Gonfreville l'Orcher"]
[Date "2007.04.28"]
[Round "4"]
[White "Kessler, Martin"]
[Black "Paci, Cedric"]
[Result "1-0"]
[WhiteElo "2149"]
[BlackElo "2291"]
[PlyCount "51"]
[EventDate "2007.04.30"]
[SourceDate "2007.04.30"]
[WhiteTeam "Paris Chess Club"]
[BlackTeam "Vandoeuvre"]
[WhiteTeamCountry "FRA"]
[BlackTeamCountry "FRA"]

1. e4 c5 2. Nf3 Nc6 3. d4 cxd4 4. Nxd4 g6 5. Nxc6 bxc6 6. Qd4 Nf6 7. Nc3 d6 8.
e5 dxe5 9. Qxe5 Bg7 10. Bc4 O-O 11. O-O Nd5 12. Qg3 Nxc3 13. bxc3 Bf5 14. Bg5
Bxc2 15. Rac1 Bf5 16. Rfd1 Qb6 17. Bxe7 Rfe8 18. Qh4 h6 19. Re1 Qb2 20. Bxf7+
$1 Kh7 21. Bxe8 Rxe8 22. Bf6 Re4 23. f4 Re2 24. Bxg7 Rxg2+ 25. Kh1 Rg4 26.
Qxh6+ 1-0

[Event "TOP 16"]
[Site "Gonfreville l'Orcher"]
[Date "2007.04.28"]
[Round "4"]
[White "Henrichs, Thomas"]
[Black "Nataf, Igor"]
[Result "1/2-1/2"]
[WhiteElo "2512"]
[BlackElo "2596"]
[PlyCount "57"]
[EventDate "2007.04.30"]
[SourceDate "2007.04.30"]
[WhiteTeam "Vandoeuvre"]
[BlackTeam "Paris Chess Club"]
[WhiteTeamCountry "FRA"]
[BlackTeamCountry "FRA"]

1. e4 c5 2. Nf3 e6 3. d4 cxd4 4. Nxd4 Nf6 5. Nc3 Nc6 6. Ndb5 d6 7. Bf4 e5 8.
Bg5 a6 9. Na3 b5 10. Nd5 Be7 11. Bxf6 Bxf6 12. c3 Bg5 13. Nc2 O-O 14. a4 bxa4
15. Nce3 Bxe3 16. Nxe3 Ne7 17. Qxa4 d5 18. exd5 Nxd5 19. O-O-O Bd7 20. Qa2 Nxe3
21. fxe3 Ra7 22. Bb5 Be6 23. Rxd8 Bxa2 24. Rxf8+ Kxf8 25. Be2 Bd5 26. Bf3 Bb3
27. Bd1 Bd5 28. Bf3 Bb3 29. Bd1 1/2-1/2

[Event "TOP 16"]
[Site "Gonfreville l'Orcher"]
[Date "2007.04.28"]
[Round "4"]
[White "Philippe, Christophe"]
[Black "De Sousa, Jose Claude"]
[Result "1-0"]
[WhiteElo "2354"]
[BlackElo "2294"]
[PlyCount "63"]
[EventDate "2007.04.30"]
[SourceDate "2007.04.30"]
[WhiteTeam "Vandoeuvre"]
[BlackTeam "Paris Chess Club"]
[WhiteTeamCountry "FRA"]
[BlackTeamCountry "FRA"]

1. e4 d5 2. exd5 Nf6 3. Nf3 Nxd5 4. d4 Bf5 5. Bd3 Bxd3 6. Qxd3 Nc6 7. O-O e6 8.
c4 Nf6 9. Nc3 Be7 10. Bf4 O-O 11. Rad1 Nb4 12. Qb1 c6 13. a3 Na6 14. b4 b5 15.
cxb5 cxb5 16. Nxb5 Nd5 17. Bd2 Qb6 18. Qd3 Rfd8 19. Rc1 Nac7 20. Nxc7 Nxc7 21.
Rc2 Nb5 22. Be3 Bf6 23. Rc5 a6 24. Rfc1 Qb7 25. h3 Rd7 26. a4 Nd6 27. b5 axb5
28. axb5 g6 29. Bf4 Ra5 30. Ne5 Bxe5 31. Bxe5 f6 32. Bxd6 1-0

[Event "TOP 16"]
[Site "Gonfreville l'Orcher"]
[Date "2007.04.28"]
[Round "4"]
[White "Damljanovic, Branko"]
[Black "Buhmann, Rainer"]
[Result "0-1"]
[WhiteElo "2585"]
[BlackElo "2581"]
[PlyCount "146"]
[EventDate "2007.04.30"]
[SourceDate "2007.04.30"]
[WhiteTeam "Antibes"]
[BlackTeam "Bischwiller"]
[WhiteTeamCountry "FRA"]
[BlackTeamCountry "FRA"]

1. Nf3 d5 2. c4 c6 3. e3 Nf6 4. Nc3 e6 5. b3 Nbd7 6. Qc2 a6 7. d4 c5 8. Bb2
cxd4 9. exd4 Be7 10. Bd3 dxc4 11. bxc4 O-O 12. O-O b6 13. Rad1 Qc7 14. Ne4 Bb7
15. d5 exd5 16. Nxf6+ Nxf6 17. Bxf6 Bxf6 18. Bxh7+ Kh8 19. Qf5 Qxc4 20. Qh5 Qf4
21. Be4+ Qh6 22. Qxh6+ gxh6 23. Bxd5 Bxd5 24. Rxd5 Rfd8 25. Rfd1 Rxd5 26. Rxd5
Rc8 27. g4 Rc2 28. Rd2 Rc4 29. h3 Kg7 30. Kg2 b5 31. Ng1 Bg5 32. Rb2 f5 33.
gxf5 Kf6 34. Nf3 Bf4 35. Nd2 Ra4 36. Nb3 Kxf5 37. Nc5 Ra3 38. Re2 a5 39. Ne6
Be5 40. Nd8 Rc3 41. Rd2 Bc7 42. Nf7 Rc6 43. Nd8 Rb6 44. Rd7 Bxd8 45. Rxd8 Ke4
46. Kf1 Rc6 47. Re8+ Kd4 48. Rd8+ Kc3 49. Ke2 Re6+ 50. Kd1 Re4 51. Rc8+ Rc4 52.
Ra8 a4 53. Kc1 Rf4 54. Rc8+ Kd3 55. a3 Rxf2 56. Rc5 Rh2 57. Rxb5 Rxh3 58. Rb4
Kc3 59. Kd1 Rd3+ 60. Kc1 Rd4 61. Rb5 Rh4 62. Kb1 h5 63. Rf5 Rh1+ 64. Ka2 Rh2+
65. Kb1 Rh3 66. Ka2 h4 67. Rc5+ Kd3 68. Rd5+ Kc4 69. Rd2 Kc3 70. Rb2 Rd3 71.
Rb4 Rd4 72. Rb8 Rd2+ 73. Kb1 h3 0-1